000 00565nam a22001697a 4500
005 20260309151731.0
008 260309b |||||||| |||| 00| 0 eng d
020 _a978-93-95664-49-3
041 _aMarathi
082 _aX 891 GOD B12265
100 _aगोडबोले, श्रीरंग
_9216869
245 _aभागानगर (हैदराबाद) नि:शस्त्र प्रतिकार १९३८-३९
260 _aPune
_bBharatiya Vichar Sadhana
_c2023
300 _a127p
_bpb
365 _aRupaye
_b150
_cINR
942 _cBK
999 _c370614
_d370614